000
00220nam a22000977a 4500
082
_a
621.388 TYL'Y
245
_a
TELEVISION CIRCUIT DIAGRAMS
260
_a
KARACHI
_b
NADEEM BOOK CENTRE
_c
1975
300
_a
VP
942
_c
BK
999
_c
582746
_d
582746